[Event "Berlin Spandau op 1st"]
[Site "Berlin"]
[Date "2015.12.28"]
[Round "3"]
[White "Steppan, Siegfried"]
[Black "Francke, Joerg"]
[Result "0-1"]
[WhiteElo "1647"]
[BlackElo "1985"]
[PlyCount "70"]
[EventDate "2015.12.27"]
[EventType "swiss"]
[EventRounds "7"]
[EventCountry "GER"]
[SourceTitle "EXT 2022"]
[Source "ChessBase"]
[SourceDate "2021.10.06"]
[SourceVersion "1"]
[SourceVersionDate "2021.10.06"]
[SourceQuality "1"]

1. d4 f5 2. c4 Nf6 3. Nc3 b6 4. Nf3 Bb7 5. e3 e6 6. Be2 Be7 7. 0-0 0-0 8. Qc2 Na6 9. a3 c5 10. b3 Nc7 11. Bb2 Qe8 12. Ne5 d6 13. Nf3 Qg6 14. d5 Ng4 15. h3 Nh6 16. Rad1 e5 17. Kh1 Bc8 18. Rg1 Qf7 19. Nxe5 dxe5 20. d6 Bh4 21. Bf3 e4 22. dxc7 exf3 23. gxf3 Bb7 24. Rxg7+ Qxg7 25. Nd5 Bxd5 26. cxd5 Qxc7 27. Rg1+ Ng4 28. fxg4 f4 29. e4 Bf6 30. Bxf6 Rxf6 31. Qc3 Qf7 32. Qf3 Rd6 33. Rd1 Re8 34. Rg1 Qe7 35. Re1 Rxd5 0-1

[Event "Berlin-ch Seniors op 31st"]
[Site "Berlin"]
[Date "2015.01.30"]
[Round "2"]
[White "Rabe, Karl Heinz"]
[Black "Francke, Joerg"]
[Result "0-1"]
[WhiteElo "1100"]
[BlackElo "1826"]
[PlyCount "52"]
[EventDate "2015.01.29"]
[EventType "swiss"]
[EventRounds "9"]
[EventCountry "GER"]
[SourceTitle "EXT 2018"]
[Source "ChessBase"]
[SourceDate "2017.10.13"]
[SourceVersion "1"]
[SourceVersionDate "2017.10.13"]
[SourceQuality "1"]

1. e4 e5 2. d3 d5 3. Nf3 Nc6 4. Nbd2 Nf6 5. b3 Bb4 6. Be2 dxe4 7. dxe4 Nxe4 8. 0-0 Nxd2 9. Bxd2 Bxd2 10. Nxd2 Bf5 11. Bb5 Qd7 12. Re1 f6 13. Rc1 a6 14. Bxc6 Qxc6 15. Qh5+ Bg6 16. Qf3 Qxf3 17. Nxf3 0-0-0 18. c3 Rd3 19. b4 Rhd8 20. Rf1 Bh5 21. h3 Bxf3 22. gxf3 Rxf3 23. Kg2 Rdd3 24. Rce1 Rxc3 25. Re3 Rfxe3 26. fxe3 Rxe3 0-1

[Event "Berlin-ch Seniors op 31st"]
[Site "Berlin"]
[Date "2015.01.29"]
[Round "1"]
[White "Francke, Joerg"]
[Black "Junghaenel, Dieter"]
[Result "1-0"]
[WhiteElo "1826"]
[BlackElo "1467"]
[PlyCount "69"]
[EventDate "2015.01.29"]
[EventType "swiss"]
[EventRounds "9"]
[EventCountry "GER"]
[SourceTitle "EXT 2018"]
[Source "ChessBase"]
[SourceDate "2017.10.13"]
[SourceVersion "1"]
[SourceVersionDate "2017.10.13"]
[SourceQuality "1"]

1. c3 e5 2. g3 c6 3. d4 exd4 4. cxd4 d5 5. Bg2 f5 6. Nf3 Bd6 7. 0-0 Nf6 8. Ne5 Be6 9. Nc3 Nbd7 10. Nd3 Qe7 11. f3 0-0-0 12. Qa4 Kb8 13. b4 Nb6 14. Qb3 Rc8 15. Nc5 Bf7 16. a4 Nc4 17. Ra2 b6 18. Na6+ Ka8 19. b5 Na5 20. Qb1 g6 21. Rc2 c5 22. e3 Nc4 23. Re2 Na5 24. Qd3 c4 25. Qc2 Rhe8 26. e4 fxe4 27. fxe4 Bb4 28. e5 Bxc3 29. Qxc3 Nb7 30. Ref2 Ne4 31. Bxe4 Be6 32. Bg2 Na5 33. Ba3 Qg5 34. Bd6 Kb7 35. Rf7+ 1-0

[Event "Berlin-ch Seniors op 28th"]
[Site "Berlin"]
[Date "2012.02.01"]
[Round "6.2"]
[White "Francke, Joerg"]
[Black "Grottke, Hans Joachim"]
[Result "0-1"]
[WhiteElo "1859"]
[BlackElo "2163"]
[PlyCount "86"]
[EventDate "2012.01.27"]
[EventType "swiss"]
[EventRounds "9"]
[EventCountry "GER"]
[SourceTitle "EXT 2022"]
[Source "ChessBase"]
[SourceDate "2021.10.06"]
[SourceVersion "1"]
[SourceVersionDate "2021.10.06"]
[SourceQuality "1"]

1. Nf3 d5 2. g3 Nf6 3. d3 Nc6 4. Nbd2 e5 5. e4 dxe4 6. dxe4 Bc5 7. Bg2 0-0 8. 0-0 a5 9. Qe2 b6 10. Nb3 Ba6 11. c4 Bd6 12. Bg5 h6 13. Bxf6 Qxf6 14. a3 Qe6 15. Nbd2 a4 16. Rfe1 Na5 17. Rac1 Bc5 18. Rc3 Rfd8 19. Rec1 Rd6 20. Bf1 Rad8 21. Qe1 f6 22. Be2 Qd7 23. Nf1 Nb3 24. Rb1 Bb7 25. Ne3 Bxe4 26. Rd1 Bxe3 27. Rxd6 Bxf2+ 28. Qxf2 Qxd6 29. Qe3 Qc5 30. Kf2 Kf7 31. Qxc5 Nxc5 32. Ke3 Bxf3 33. Bxf3 e4 34. Be2 Ke6 35. g4 Ke5 36. Rc1 g6 37. h4 f5 38. gxf5 gxf5 39. Bh5 f4+ 40. Ke2 f3+ 41. Bxf3 exf3+ 42. Kxf3 Rd4 43. Kg3 h5 0-1

[Event "Niedersachsen-ch Seniors op 14th"]
[Site "Bad Bevensen"]
[Date "2011.07.13"]
[Round "9"]
[White "Merettig, Georg"]
[Black "Francke, Joerg"]
[Result "1/2-1/2"]
[WhiteElo "1729"]
[BlackElo "1846"]
[PlyCount "39"]
[EventDate "2011.07.05"]
[EventType "swiss"]
[EventRounds "9"]
[EventCountry "GER"]
[SourceTitle "EXT 2012"]
[Source "ChessBase"]
[SourceDate "2011.11.24"]
[SourceVersion "1"]
[SourceVersionDate "2011.11.24"]
[SourceQuality "1"]

1. Nc3 f5 2. b3 Nf6 3. Bb2 e6 4. f4 Be7 5. Nf3 0-0 6. e3 c5 7. Ne2 Nc6 8. d4 b6 9. Ng3 Bb7 10. Bd3 Nb4 11. Bc4 d5 12. Be2 Ne4 13. a3 Nc6 14. Nxe4 fxe4 15. Ne5 cxd4 16. Nxc6 Bxc6 17. Bxd4 Bf6 18. 0-0 Qd6 19. c4 Kh8 20. b4 1/2-1/2

[Event "Niedersachsen-ch Seniors op 14th"]
[Site "Bad Bevensen"]
[Date "2011.07.10"]
[Round "6"]
[White "Francke, Joerg"]
[Black "Niebaum, Karl"]
[Result "1-0"]
[WhiteElo "1846"]
[BlackElo "1711"]
[PlyCount "77"]
[EventDate "2011.07.05"]
[EventType "swiss"]
[EventRounds "9"]
[EventCountry "GER"]
[SourceTitle "EXT 2012"]
[Source "ChessBase"]
[SourceDate "2011.11.24"]
[SourceVersion "1"]
[SourceVersionDate "2011.11.24"]
[SourceQuality "1"]

1. d4 d5 2. Nf3 Nf6 3. Bf4 e6 4. e3 Bd6 5. Nbd2 Bxf4 6. exf4 0-0 7. Bd3 Nbd7 8. Ne5 c5 9. c3 Qb6 10. Qb3 c4 11. Qxb6 axb6 12. Bc2 b5 13. Ke2 Nb6 14. g4 g6 15. h4 h5 16. gxh5 Nxh5 17. Ke3 Kg7 18. a3 Rh8 19. Ndf3 Bd7 20. Rag1 Rh6 21. Rg2 Be8 22. f5 exf5 23. Bxf5 Na4 24. Rb1 Ra6 25. Bc8 Rb6 26. Kd2 Nf6 27. Kc2 Ne4 28. Rh1 Nd6 29. Bd7 Bxd7 30. Nxd7 Ra6 31. Rg5 f5 32. Nde5 Ne4 33. Rg2 Ra8 34. Rhg1 Rah8 35. Nxg6 R8h7 36. Ne7+ Kf7 37. Nxd5 Nb6 38. Ne5+ Ke8 39. Rg8# 1-0

[Event "Niedersachsen-ch Seniors op 14th"]
[Site "Bad Bevensen"]
[Date "2011.07.07"]
[Round "3"]
[White "Haselhorst, Helmut"]
[Black "Francke, Joerg"]
[Result "1-0"]
[WhiteElo "2058"]
[BlackElo "1846"]
[PlyCount "99"]
[EventDate "2011.07.05"]
[EventType "swiss"]
[EventRounds "9"]
[EventCountry "GER"]
[SourceTitle "EXT 2012"]
[Source "ChessBase"]
[SourceDate "2011.11.24"]
[SourceVersion "1"]
[SourceVersionDate "2011.11.24"]
[SourceQuality "1"]

1. d4 f5 2. Nf3 Nf6 3. g3 g6 4. Bg2 Bg7 5. 0-0 0-0 6. c4 d6 7. Nc3 a5 8. b3 Na6 9. Bb2 c5 10. d5 Ne4 11. Qc1 Nxc3 12. Bxc3 Nc7 13. Bxg7 Kxg7 14. e4 Ne8 15. e5 dxe5 16. Qb2 Qd6 17. Rfe1 Nf6 18. Qxe5 Qxe5 19. Rxe5 Ng8 20. Ng5 Ra7 21. Rae1 b6 22. Ne6+ Bxe6 23. Rxe6 Rb8 24. Rc6 a4 25. Ree6 axb3 26. axb3 b5 27. Ra6 Rxa6 28. Rxa6 bxc4 29. bxc4 Rb4 30. Bf1 Nf6 31. f3 Rb2 32. Rc6 Nd7 33. f4 Rb6 34. Rc7 Rd6 35. h3 Kf6 36. g4 fxg4 37. hxg4 e6 38. g5+ Ke7 39. dxe6 Kxe6 40. Kf2 Rd4 41. Bh3+ Ke7 42. Ke3 Kd8 43. Ra7 Nb6 44. Be6 Nxc4+ 45. Bxc4 Rxc4 46. Rxh7 Rd4 47. Rh6 Rd6 48. f5 Ke8 49. fxg6 Rd4 50. Rh8+ 1-0

[Event "Niedersachsen-ch Seniors op 14th"]
[Site "Bad Bevensen"]
[Date "2011.07.06"]
[Round "2"]
[White "Addicks, Addick"]
[Black "Francke, Joerg"]
[Result "0-1"]
[WhiteElo "1000"]
[BlackElo "1846"]
[PlyCount "56"]
[EventDate "2011.07.05"]
[EventType "swiss"]
[EventRounds "9"]
[EventCountry "GER"]
[SourceTitle "EXT 2012"]
[Source "ChessBase"]
[SourceDate "2011.11.24"]
[SourceVersion "1"]
[SourceVersionDate "2011.11.24"]
[SourceQuality "1"]

1. d4 f5 2. e3 Nf6 3. Bc4 b6 4. f3 Na6 5. a3 c6 6. Qd3 Nc7 7. Qxf5 d5 8. Qd3 dxc4 9. Qxc4 Qd5 10. Qd3 Bf5 11. Qd1 Bg6 12. Ne2 e5 13. Nbc3 Qd6 14. 0-0 exd4 15. exd4 Ncd5 16. Bd2 Be7 17. Qe1 0-0 18. Bf4 Nxf4 19. Nxf4 Qxd4+ 20. Rf2 Bc5 21. Nh3 Qh4 22. g3 Qxh3 23. Qf1 Bxf2+ 24. Qxf2 Ng4 25. Qg2 Qxg2+ 26. Kxg2 Ne3+ 27. Kf2 Nxc2 28. Rc1 Rad8 0-1

[Event "Berlin-ch Seniors op 27th"]
[Site "Berlin"]
[Date "2011.01.31"]
[Round "3"]
[White "Becker, Lothar"]
[Black "Francke, Joerg"]
[Result "0-1"]
[WhiteElo "2070"]
[BlackElo "1869"]
[PlyCount "119"]
[EventDate "2011.01.29"]
[EventType "swiss"]
[EventRounds "9"]
[EventCountry "GER"]
[SourceTitle "EXT 2012"]
[Source "ChessBase"]
[SourceDate "2011.11.24"]
[SourceVersion "1"]
[SourceVersionDate "2011.11.24"]
[SourceQuality "1"]

1. e4 e5 2. Nf3 Nf6 3. d3 Nc6 4. c3 d5 5. Nbd2 a5 6. a4 Be7 7. Be2 0-0 8. 0-0 h6 9. Qc2 Bg4 10. Re1 Re8 11. Nf1 dxe4 12. dxe4 Bc5 13. Be3 Qe7 14. Bd1 Nd7 15. h3 Be6 16. Ng3 Bxe3 17. Rxe3 Nc5 18. Nd2 Rad8 19. Ra3 Rd7 20. Bg4 Red8 21. Ndf1 g6 22. Bxe6 Qxe6 23. b4 Nd3 24. b5 Ne7 25. Re2 Nf4 26. Re1 Qc4 27. Raa1 Kg7 28. Ne3 Qc5 29. Ngf1 c6 30. Rab1 Nc8 31. Red1 Nd6 32. c4 cxb5 33. axb5 b6 34. Kh2 Ne6 35. Rd5 Qc7 36. g3 Nd4 37. Qd1 Nxc4 38. Rc1 Nxe3 39. fxe3 Nf3+ 40. Kg2 Rxd5 41. exd5 Qd7 42. Qxf3 Qxd5 43. Qxd5 Rxd5 44. Rb1 e4 45. Kf2 f5 46. Ke2 Kf6 47. Nd2 Rc5 48. g4 Ke5 49. Rb2 Rc3 50. gxf5 gxf5 51. Kd1 f4 52. Rc2 Rd3 53. Kc1 fxe3 54. Nc4+ Kd4 55. Nxb6 Rb3 56. Na4 Rxb5 57. Nc3 Rf5 58. Ne2+ Kd3 59. Ng3 Rf2 60. Rc3+ 0-1

[Event "GER-ch Seniors 22nd"]
[Site "Berlin"]
[Date "2010.08.21"]
[Round "6"]
[White "Loges, Wilhelm"]
[Black "Francke, Joerg"]
[Result "0-1"]
[WhiteElo "1720"]
[BlackElo "1861"]
[PlyCount "96"]
[EventDate "2010.08.16"]
[EventType "swiss"]
[EventRounds "9"]
[EventCountry "GER"]
[SourceTitle "CBM 138 Extra"]
[Source "ChessBase"]
[SourceDate "2010.10.29"]
[SourceVersion "1"]
[SourceVersionDate "2010.10.29"]
[SourceQuality "1"]

1. e4 e5 2. Nf3 Nf6 3. Nxe5 d6 4. Nf3 Nxe4 5. Nc3 d5 6. Qe2 Be7 7. Nxe4 dxe4 8. Qxe4 0-0 9. Bd3 g6 10. 0-0 Nd7 11. Bc4 Nb6 12. Bb3 c6 13. d4 Bf5 14. Qe2 Bf6 15. c3 Re8 16. Be3 Nd5 17. Bxd5 Qxd5 18. Nd2 Re6 19. Qf3 Qb5 20. b3 Rae8 21. Qg3 Qa5 22. Nc4 Qd8 23. Bf4 Bh4 24. Qf3 Be4 25. Qd1 b5 26. Ne3 Bg5 27. Bxg5 Qxg5 28. Qg4 Qh6 29. h4 Qg7 30. Rfd1 h6 31. Rac1 f5 32. Qh3 f4 33. Nf1 g5 34. f3 Bh7 35. d5 Re5 36. dxc6 Bf5 37. g4 Bc8 38. h5 Qc7 39. c4 Qxc6 40. cxb5 Qxb5 41. Nd2 Bb7 42. Nc4 Re2 43. Qf1 Qc5+ 44. Kh1 Rf2 45. Qd3 Bxf3+ 46. Kg1 Rd2+ 47. Ne3 Rxd3 48. Rxc5 Bxd1 0-1

[Event "GER-ch Seniors 22nd"]
[Site "Berlin"]
[Date "2010.08.20"]
[Round "5"]
[White "Francke, Joerg"]
[Black "Lainburg, Victor"]
[Result "0-1"]
[WhiteElo "1861"]
[BlackElo "2031"]
[PlyCount "157"]
[EventDate "2010.08.16"]
[EventType "swiss"]
[EventRounds "9"]
[EventCountry "GER"]
[SourceTitle "CBM 138 Extra"]
[Source "ChessBase"]
[SourceDate "2010.10.29"]
[SourceVersion "1"]
[SourceVersionDate "2010.10.29"]
[SourceQuality "1"]

1. d4 Nf6 2. Nf3 g6 3. Bf4 Bg7 4. h3 0-0 5. e3 c5 6. c3 Qb6 7. Qb3 Qxb3 8. axb3 cxd4 9. exd4 d6 10. Bc4 Nbd7 11. 0-0 Nb6 12. Nbd2 Nxc4 13. bxc4 a6 14. Rfe1 Re8 15. c5 dxc5 16. dxc5 Be6 17. Be5 Rac8 18. b4 Nd5 19. Bxg7 Kxg7 20. Ra3 Bf5 21. Nc4 f6 22. Nd4 Bd7 23. f4 Nxf4 24. Nb6 Rc7 25. Nxd7 Rxd7 26. c6 bxc6 27. Rxa6 c5 28. bxc5 Nd3 29. Ne6+ Kf7 30. Re3 Rc8 31. c6 Rd6 32. Nd4 Ne5 33. Ra7 Rcd8 34. c7 Rc8 35. Rb7 Rd7 36. Nb5 Nc4 37. Re2 Nd6 38. Rb8 Rdxc7 39. Nxc7 Rxc7 40. Rc2 e5 41. Rb4 Nc4 42. Ra2 Ne3 43. c4 Rxc4 44. Rb7+ Ke6 45. Rxh7 Kf5 46. Kf2 Nd5 47. Rd7 Nf4 48. Rh7 Rc3 49. Rf7 Kg5 50. Rb7 f5 51. Rb1 e4 52. Rab2 Nd3+ 53. Ke2 Nxb2 54. Rxb2 Kf4 55. Rb6 g5 56. g4 fxg4 57. hxg4 Rc2+ 58. Kd1 Rg2 59. Rf6+ Kxg4 60. Ke1 Ra2 61. Rf7 Kg3 62. Rf5 g4 63. Rf6 e3 64. Re6 Kf3 65. Rf6+ Kg2 66. Re6 Ra3 67. Ke2 g3 68. Rf6 Kg1 69. Kf3 Kf1 70. Kxg3+ Ke1 71. Kg2 Kd2 72. Rb6 Rc3 73. Re6 Kd1 74. Kf1 Rb3 75. Kg2 e2 76. Rd6+ Ke1 77. Rh6 Rb8 78. Ra6 Rg8+ 79. Kh2 0-1

[Event "Berlin-ch Seniors op 26th"]
[Site "Berlin"]
[Date "2010.02.14"]
[Round "6"]
[White "Francke, Joerg"]
[Black "Radjenovic, Branko"]
[Result "1-0"]
[WhiteElo "1869"]
[BlackElo "1732"]
[PlyCount "87"]
[EventDate "2010.02.09"]
[EventType "swiss"]
[EventRounds "9"]
[EventCountry "GER"]
[SourceTitle "EXT 2012"]
[Source "ChessBase"]
[SourceDate "2011.11.24"]
[SourceVersion "1"]
[SourceVersionDate "2011.11.24"]
[SourceQuality "1"]

1. d4 Nf6 2. Nf3 g6 3. Bf4 Bg7 4. e3 d6 5. h3 Nbd7 6. Be2 0-0 7. Nbd2 c5 8. c3 b6 9. a4 Bb7 10. 0-0 Qc7 11. Re1 Rfe8 12. Nc4 Ne4 13. Bh2 Rad8 14. a5 b5 15. a6 Ba8 16. Ncd2 c4 17. Nxe4 Bxe4 18. Nd2 Ba8 19. e4 e5 20. dxe5 dxe5 21. Qc2 Nc5 22. Bf1 Rd6 23. b4 cxb3 24. Nxb3 Nxa6 25. Bxb5 Nb4 26. Qe2 Nc6 27. Qc4 Re7 28. Qc5 Nd8 29. Qa3 Bc6 30. Bf1 Ne6 31. Na5 Be8 32. Rab1 Rb6 33. Nc4 Rxb1 34. Rxb1 Qc5 35. Qxc5 Nxc5 36. f3 f6 37. Nd6 Bf8 38. Rb8 Bd7 39. f4 exf4 40. Bxf4 Nxe4 41. Bh6 Be8 42. Bc4+ Kh8 43. Bxf8 Nxd6 44. Bxe7 1-0

[Event "Berlin-ch Seniors op 26th"]
[Site "Berlin"]
[Date "2010.02.13"]
[Round "5"]
[White "Maetzing, Hans Dieter"]
[Black "Francke, Joerg"]
[Result "1-0"]
[WhiteElo "1729"]
[BlackElo "1869"]
[PlyCount "59"]
[EventDate "2010.02.09"]
[EventType "swiss"]
[EventRounds "9"]
[EventCountry "GER"]
[SourceTitle "EXT 2012"]
[Source "ChessBase"]
[SourceDate "2011.11.24"]
[SourceVersion "1"]
[SourceVersionDate "2011.11.24"]
[SourceQuality "1"]

1. Nc3 d5 2. e4 e6 3. f4 Nf6 4. e5 Nfd7 5. Nf3 c5 6. g3 Nc6 7. Bg2 a6 8. 0-0 b5 9. a3 Qb6 10. Kh1 Be7 11. Re1 0-0 12. d3 Qc7 13. Qe2 Rb8 14. Nd1 Re8 15. c3 b4 16. axb4 cxb4 17. Be3 a5 18. d4 Ba6 19. Qxa6 Nb6 20. Qe2 Nc4 21. Nd2 Nxb2 22. cxb4 Nxd1 23. Rexd1 Bxb4 24. Rdc1 Qb6 25. Nb3 Na7 26. Nc5 Re7 27. Na6 Qb5 28. Qxb5 Rxb5 29. Nxb4 axb4 30. Rxa7 1-0

[Event "Berlin Kreuzberg op 3th"]
[Site "Berlin"]
[Date "2002.07.14"]
[Round "9"]
[White "Shapiro, Yosip"]
[Black "Francke, Joerg"]
[Result "1-0"]
[WhiteElo "2010"]
[BlackElo "2061"]
[PlyCount "73"]
[EventDate "2002.07.06"]
[EventType "swiss"]
[EventRounds "9"]
[EventCountry "GER"]
[SourceTitle "EXT 2022"]
[Source "ChessBase"]
[SourceDate "2021.10.06"]
[SourceVersion "1"]
[SourceVersionDate "2021.10.06"]
[SourceQuality "1"]

1. e4 e5 2. Nf3 Nf6 3. Nxe5 d6 4. Nf3 Nxe4 5. d4 d5 6. Bd3 Nc6 7. 0-0 Be7 8. Re1 Bg4 9. c3 Nf6 10. h3 Bh5 11. Nbd2 0-0 12. Nf1 Re8 13. Ng3 Bg6 14. Bb5 Bd6 15. Bxc6 bxc6 16. Ne5 c5 17. Bg5 cxd4 18. cxd4 c5 19. Qf3 cxd4 20. Ng4 Be7 21. Rxe7 Qxe7 22. Bxf6 gxf6 23. Nxf6+ Kg7 24. Nxe8+ Rxe8 25. Qxd5 Qe5 26. Qxe5+ Rxe5 27. Rd1 d3 28. f4 Rd5 29. f5 Bxf5 30. Nxf5+ Rxf5 31. Rxd3 a5 32. Rd4 h5 33. b3 Kf6 34. Rd2 Ke5 35. Rf2 Rxf2 36. Kxf2 f5 37. a3 1-0

[Event "Berlin Kreuzberg op 3th"]
[Site "Berlin"]
[Date "2002.07.13"]
[Round "8"]
[White "Francke, Joerg"]
[Black "Uckar, Klaudijo"]
[Result "1-0"]
[WhiteElo "2061"]
[BlackElo "1715"]
[PlyCount "89"]
[EventDate "2002.07.06"]
[EventType "swiss"]
[EventRounds "9"]
[EventCountry "GER"]
[SourceTitle "EXT 2022"]
[Source "ChessBase"]
[SourceDate "2021.10.06"]
[SourceVersion "1"]
[SourceVersionDate "2021.10.06"]
[SourceQuality "1"]

1. d4 Nf6 2. Nf3 g6 3. Bf4 d6 4. h3 Bg7 5. e3 0-0 6. Nbd2 Nbd7 7. Bc4 c6 8. c3 Re8 9. Qb3 d5 10. Be2 Qb6 11. 0-0 a5 12. a4 Nh5 13. Qxb6 Nxb6 14. Bc7 Nd7 15. Rfe1 f5 16. c4 Nhf6 17. c5 Ne4 18. Nb3 e5 19. Nxa5 Nf8 20. Nb3 Ne6 21. Bxe5 Bh6 22. Nfd2 N4g5 23. f4 Nf7 24. Nf3 g5 25. g3 Nxe5 26. Nxe5 Re7 27. Kf2 Nc7 28. Nc1 Na6 29. Ncd3 Be6 30. b4 Nc7 31. Nb2 Ne8 32. b5 cxb5 33. axb5 Rxa1 34. Rxa1 Nf6 35. Bd3 Ne4+ 36. Kg2 Bf8 37. Bxe4 dxe4 38. Nbc4 Rg7 39. Ra8 h5 40. h4 Bxc4 41. Nxc4 Rd7 42. Nd6 Kg7 43. Nxf5+ Kf7 44. Kf2 Rc7 45. Ke2 1-0

[Event "Berlin Kreuzberg op 3th"]
[Site "Berlin"]
[Date "2002.07.10"]
[Round "5"]
[White "Francke, Joerg"]
[Black "Knopf, Roland"]
[Result "1-0"]
[WhiteElo "2061"]
[BlackElo "1813"]
[PlyCount "63"]
[EventDate "2002.07.06"]
[EventType "swiss"]
[EventRounds "9"]
[EventCountry "GER"]
[SourceTitle "EXT 2022"]
[Source "ChessBase"]
[SourceDate "2021.10.06"]
[SourceVersion "1"]
[SourceVersionDate "2021.10.06"]
[SourceQuality "1"]

1. d4 Nf6 2. Nf3 g6 3. Bf4 Bg7 4. e3 d6 5. h3 0-0 6. Be2 c5 7. c3 Qb6 8. Qb3 Qxb3 9. axb3 Bf5 10. Nbd2 cxd4 11. exd4 Nc6 12. 0-0 Nd5 13. Bh2 e5 14. dxe5 dxe5 15. Nc4 e4 16. Nfd2 Bh6 17. g4 b5 18. gxf5 gxf5 19. Nxe4 fxe4 20. Nd6 a6 21. Nxe4 f5 22. Nc5 f4 23. Bf3 Nde7 24. Nxa6 Rf6 25. Nc7 Rxa1 26. Rxa1 Ne5 27. Be4 Nf5 28. f3 Nh4 29. Kf2 Rd6 30. Nd5 Nd3+ 31. Ke2 Nc5 32. Ra8+ 1-0

[Event "Berlin Kreuzberg op 3th"]
[Site "Berlin"]
[Date "2002.07.09"]
[Round "4"]
[White "Schnitzer, Peter"]
[Black "Francke, Joerg"]
[Result "1-0"]
[WhiteElo "2299"]
[BlackElo "2061"]
[PlyCount "67"]
[EventDate "2002.07.06"]
[EventType "swiss"]
[EventRounds "9"]
[EventCountry "GER"]
[SourceTitle "EXT 2022"]
[Source "ChessBase"]
[SourceDate "2021.10.06"]
[SourceVersion "1"]
[SourceVersionDate "2021.10.06"]
[SourceQuality "1"]

1. e4 e5 2. Nf3 Nf6 3. Nxe5 d6 4. Nf3 Nxe4 5. d4 d5 6. Bd3 Nc6 7. 0-0 Be7 8. c4 Nb4 9. Be2 0-0 10. Nc3 Bf5 11. Bf4 dxc4 12. Bxc4 Nd6 13. Be2 c6 14. a3 Nd5 15. Nxd5 cxd5 16. Qb3 Be6 17. Rac1 Rc8 18. Rxc8 Qxc8 19. Rc1 Qb8 20. Ng5 Rc8 21. Nxe6 Rxc1+ 22. Bxc1 Qc8 23. Nc5 b6 24. Nd3 Nc4 25. Qc3 Qe6 26. Ne5 f6 27. Bg4 f5 28. Bf3 Nxe5 29. dxe5 Bc5 30. Be3 Bxe3 31. fxe3 Kf8 32. Qb4+ Ke8 33. Qb5+ Ke7 34. Qxd5 1-0

[Event "Berlin Eckbauer op 4th"]
[Site "Berlin"]
[Date "2001.10.08"]
[Round "2"]
[White "Francke, Joerg"]
[Black "Gebigke, Martin"]
[Result "0-1"]
[WhiteElo "1916"]
[BlackElo "2095"]
[PlyCount "68"]
[EventDate "2001.10.??"]
[EventType "swiss"]
[EventRounds "7"]
[EventCountry "GER"]
[SourceTitle "EXT 2005"]
[Source "ChessBase"]
[SourceDate "2004.11.15"]
[SourceVersion "1"]
[SourceVersionDate "2004.11.15"]
[SourceQuality "1"]

1. d4 Nf6 2. Nf3 c5 3. c3 cxd4 4. cxd4 d5 5. Nc3 Nc6 6. e3 a6 7. Bd3 Bg4 8. Bd2 e6 9. Rc1 Bd6 10. h3 Bh5 11. Ne2 Ne4 12. Bc3 Bxf3 13. gxf3 Nxc3 14. Nxc3 0-0 15. f4 f5 16. h4 Kh8 17. a3 Qa5 18. h5 Rac8 19. Ke2 b5 20. Qb3 Bxf4 21. Rcd1 Bd6 22. Nxd5 exd5 23. Qxd5 Bb8 24. Rc1 Ne7 25. Qb7 Rce8 26. Rhg1 f4 27. Rc6 fxe3 28. fxe3 Rf2+ 29. Kxf2 Qd2+ 30. Kf3 Nf5 31. Re6 Nxd4+ 32. exd4 Rf8+ 33. Ke4 Qf4+ 34. Kd5 Rd8+ 0-1